000 00304nam a22001337a 4500
082 _aNimra Ahmad
100 _aNimra Ahmad
245 _aKarakuram ka taj mahal
260 _aLahore,
_bHarf e Taza Publisher
_c2010
300 _a320p. :
650 _aUrdu literature
700 _aNimra Ahmad
942 _cBK
999 _c11498
_d11498